Praktické skúsenosti konsolidácie a formovania správy štátu v Habsburskej monarchii od čias panovania Márie Terézie po vznik samostatnej ČSR

Zrod razantných tereziánskych reforiem, ktorých cieľom bolo centralizovať moc a podriadiť formy spoločenského života jednotnej štátnej správe. Pokrokové myšlienky Márie Terézie, ktoré dali základ dnešnej podobe správy vecí verejných.

Guardado en:
Detalles Bibliográficos
Autor principal: Beličková, Kornélia, 1966-
Otros Autores: Staríčková, Zuzana
Formato: Capítulo de libro
Lenguaje:eslovaco
Materias:
Etiquetas: Agregar Etiqueta
Sin Etiquetas, Sea el primero en etiquetar este registro!

MARC

LEADER 00000nla a2200000 4500
001 0246433
005 20260205071344.0
041 0 |a slo 
044 |a SK 
245 1 0 |a Praktické skúsenosti konsolidácie a formovania správy štátu v Habsburskej monarchii od čias panovania Márie Terézie po vznik samostatnej ČSR  |c Kornélia Beličková, Zuzana Staríčková 
520 |a Zrod razantných tereziánskych reforiem, ktorých cieľom bolo centralizovať moc a podriadiť formy spoločenského života jednotnej štátnej správe. Pokrokové myšlienky Márie Terézie, ktoré dali základ dnešnej podobe správy vecí verejných. 
610 2 0 |a Československo 
610 2 0 |a história 
610 2 0 |a reformy štruktúrne 
610 2 0 |a reformy hospodárske 
610 2 0 |a správa verejná 
610 2 0 |a správa štátna 
100 1 |a Beličková, Kornélia, 1966- 
700 1 |a Staríčková, Zuzana